[Event "USA-ch"]
[Site "San Diego"]
[Date "2004.11.26"]
[Round "3"]
[White "Shabalov, Alexander"]
[Black "Burnett, Ronald"]
[Result "1-0"]
[WhiteElo "2608"]
[BlackElo "2444"]
[Annotator "Rogozenco,D"]
[PlyCount "75"]
[EventDate "2004.11.24"]
[EventType "swiss"]
[EventRounds "9"]
[EventCountry "USA"]
[SourceTitle "CBM 105"]
[Source "ChessBase"]
[SourceDate "2005.04.11"]
[SourceVersion "1"]
[SourceVersionDate "2005.04.11"]
[SourceQuality "1"]

1. e4 c5 2. Nf3 Nc6 3. d4 cxd4 4. Nxd4 Nf6 5. Nc3 e5 6. Ndb5 d6 7. Bg5 a6 8.
Na3 b5 9. Bxf6 gxf6 10. Nd5 Bg7 11. c3 f5 12. exf5 Bxf5 13. Nc2 O-O 14. Nce3
Be6 15. Bd3 f5 16. Qh5 (16. O-O) 16... e4 17. Bc2 Ne7 18. Nf4 (18. Rd1 b4 $1
$11) (18. Bb3 Kh8 $11 (18... f4 $5) (18... Ng6 $5)) 18... Bf7 (18... Qd7 {
is perfectly playable too:} 19. O-O Bf7 20. Bb3 {see 20.0-0.}) 19. Bb3 (19. Qg5
Ng6 20. Qxd8 (20. Qxf5 Bc4 21. Ne6 Bxc3+ $1 22. Kd1 (22. bxc3 Qa5 23. Nxf8
Qxc3+ $19 24. Kd1 Qxa1+) 22... Rxf5 23. Nxd8 Bxb2 $19) 20... Raxd8 21. Nh5 Ne7
(21... Be6 $5 22. Nxg7 Kxg7 23. Bb3 d5 24. O-O Ne5 $15 {0-1 Schulz Dobrick,
M-Konik,M/Wiesbaden 1999 (30)}) 22. Nxg7 Kxg7 23. f4 d5 24. O-O-O b4 25. Bb3
bxc3 26. bxc3 Rc8 27. Kb2 Rc5 28. Rd2 {1/2-1/2 Dvoirys,S-Yagupov,I/St
Petersburg 1998}) (19. Qh3 b4 $1 $132) 19... Qd7 (19... d5 20. Qg5 Ng6 21. Qxd8
Raxd8 (21... Rfxd8 22. Nexd5 a5 (22... Nxf4 $6 23. Nxf4 b4 24. Ne6 bxc3 25.
Nxd8 Rxd8 26. Rd1 Rxd1+ 27. Kxd1 cxb2 28. Kc2 $16) 23. Nxg6 hxg6 24. O-O-O a4
25. Ne7+ Kf8 26. Bxf7 Kxf7 27. Nc6 Rxd1+ 28. Rxd1 Ke6 $44 {1/2-1/2 Zontakh,
A-Horvath,C/Zalakaros 1999 (40)}) 22. Nexd5 (22. Nfxd5 $2 f4 $19) 22... Nxf4
23. Nxf4 b4 24. Ne6 Bxe6 25. Bxe6+ {1/2-1/2 Anand,V-Kramnik,V/Frankfurt 2000})
20. Rd1 (20. O-O Be5 (20... d5 $6 21. Qg5) 21. Bxf7+ $146 Rxf7 22. Nfd5 Nxd5
23. Nxd5 Qe6 {1/2-1/2 Almasi-Kramnik, Dortmund 1998.} 24. Rad1 f4 25. Rfe1 (25.
f3 e3 26. Rfe1 Kh8 27. Re2 Rg8 $132) 25... f3 26. Qh4 Re8 27. Rxe4 (27. g3 Bg7
$11) 27... Bxh2+ 28. Kxh2 Qxe4 29. Nf6+ Rxf6 30. Qxf6 fxg2 $11 {Boros-Stranz,
Balatonlelle 2003.}) 20... Be5 21. g3 $146 (21. Qg5+ Kh8 22. Nfd5 $6 Nxd5 23.
Nxd5 Rg8 24. Qe3 Rae8 $17 {1/2-1/2 Kosteniuk,A-Skripchenko,A/Moscow 2001 (45)})
(21. Nh3 Bxb3 22. axb3 Qe8 $15 {[%csl Rh3]}) 21... Kg7 $6 ({Black is doing
great after the simple} 21... Bxb3 22. axb3 Bxf4 23. gxf4 Qe6 24. b4 Kh8) 22.
Bxf7 Rxf7 23. Nh3 $1 (23. f3 Bxf4 24. gxf4 Qe6 25. O-O Raf8 $13) 23... Kg8 24.
O-O Rg7 25. f4 exf3 $2 (25... Bf6 $13) 26. Qxf3 Rf8 27. Nf4 $16 {White has a
better pawn structure and well-placed pieces, which prevent any possible
counterplay from Black.} Kh8 28. Kh1 Ng6 29. Neg2 $5 Bxf4 $6 {With the bishop
on e5 Black at least didn't have problems with the pawn d6.} 30. Nxf4 Nxf4 31.
Qxf4 {[%csl Rd6,Rf5] In spite of many exchanges of pieces, the best Black can
hope is a rook endgame with a pawn down.} Rf6 32. Rd5 $1 Qc6 $2 (32... Rg4 $1 {
Correct was to prevent White from playing Qd4.} 33. Qf3 Re4) 33. Qd4 {Now
Black's position is difficult.} f4 $2 (33... Qc4 $8 {[%csl Rf1] was the last
chance.}) 34. Kg1 $18 Qc4 35. Qxf6 Qxd5 36. Rxf4 Qxa2 37. Qxd6 h5 38. Rf8+ (38.
Rf8+ Kh7 39. Qd3+ Rg6 40. Qd7+ Rg7 41. Qf5+ Rg6 42. Rf7+ Kh6 43. Qf4+ $18) 1-0

[Event "St Petersburg-ch 77th"]
[Site "St Petersburg"]
[Date "2004.04.07"]
[Round "7"]
[White "Klimov, Sergey"]
[Black "Ionov, Sergey"]
[Result "1/2-1/2"]
[WhiteElo "2520"]
[BlackElo "2538"]
[Annotator "Rogozenco,D"]
[PlyCount "52"]
[EventDate "2004.04.01"]
[EventType "tourn"]
[EventRounds "11"]
[EventCountry "RUS"]
[EventCategory "10"]
[SourceTitle "CBM 101"]
[Source "ChessBase"]
[SourceDate "2004.07.27"]
[SourceVersion "1"]
[SourceVersionDate "2004.07.27"]
[SourceQuality "1"]

1. e4 c5 2. Nf3 Nc6 3. d4 cxd4 4. Nxd4 Nf6 5. Nc3 e5 6. Ndb5 d6 7. Bg5 a6 8.
Na3 b5 9. Bxf6 gxf6 10. Nd5 f5 11. c3 Bg7 12. Bd3 Be6 13. Nc2 (13. Qh5 $142) (
13. O-O) 13... Bxd5 {A reasonable choice in reply to White's slightly unusual
move order.} (13... O-O {is also perfectly playable:} 14. Nce3 (14. O-O $6 Rc8
$1 $15) 14... fxe4 15. Bxe4 f5 16. Bc2 f4 17. Qh5 {is a well-known draw:} Rf7
18. Bxh7+ Kf8 19. Bf5 Qe8 20. Bxe6 Qxe6 21. Qg4 Qh6 22. Nf5 (22. Nc2 $6 e4 $44)
22... Qe6 23. Nfe3 Qh6 $11) (13... fxe4 $6 14. Bxe4 O-O (14... f5 15. Qh5+ Bf7
16. Qf3) 15. Nde3 $1 (15. Qh5 $2 f5 16. Nf4 exf4 17. Bxc6 Rc8 {is advantage
for Black.}) 15... Rc8 16. Qd3 $16) 14. exd5 Ne7 15. O-O ({Nothing brings} 15.
a4 O-O 16. axb5 e4 17. Be2 axb5 18. Rxa8 Qxa8 19. Nb4 Qb7 20. Qd2 (20. O-O f4)
20... Ng6) ({nor} 15. Ne3 e4 16. Bc2 Qc8) 15... e4 16. Be2 O-O 17. Qd2 Rc8 18.
f4 (18. a4 bxa4 (18... Rc5 $142) 19. Bxa6 Rc5 20. Nb4 Ra5 21. Bb7 $14 {1/2-1/2
Kutuzovic,B-Sebenik,M/Zadar 2003}) 18... b4 (18... Rc5 19. Ne3 Qb6 20. Kh1 Rfc8
21. g4 $2 Rxc3 $1 $17 {0-1 Klovans,J-Timoshenko,G/Cappelle la Grande 2000 (46)}
) 19. Nxb4 Qb6+ (19... a5 20. Nc6 Nxc6 21. dxc6 Rxc6 22. Rad1 Qb6+ 23. Kh1 Rd8
$11 {/=/+ 1/2-1/2 Klovans,J-Eljanov,P/Cappelle la Grande 2003 (48)}) 20. Kh1 a5
21. Nc6 Nxc6 22. dxc6 Rxc6 {Black has reached a comfortable equality.} 23. a4
$1 {Prevents Black's ...a4 and secures a good square for the bishop on b5.} (
23. Rad1 a4 $15 24. Qd5 Qc5 25. Qxc5 dxc5 {[%csl Rb2]} 26. Rd5 Rb8 $15) 23...
Rd8 24. Bb5 Rcc8 25. Rad1 (25. Qd5 Rc5) 25... d5 26. Qe2 Qf6 1/2-1/2

[Event "Minneapolis HB Global op"]
[Site "Minneapolis"]
[Date "2005.05.22"]
[Round "9"]
[White "Adamson, Robby"]
[Black "Sevillano, Enrico"]
[Result "0-1"]
[WhiteElo "2344"]
[BlackElo "2450"]
[Annotator "Rogozenco,D"]
[PlyCount "76"]
[EventDate "2005.05.18"]
[EventType "swiss"]
[EventRounds "9"]
[EventCountry "USA"]
[SourceTitle "CBM 107"]
[Source "ChessBase"]
[SourceDate "2005.08.01"]
[SourceVersion "1"]
[SourceVersionDate "2005.08.01"]
[SourceQuality "1"]

1. e4 c5 2. Nf3 Nc6 3. d4 cxd4 4. Nxd4 Nf6 5. Nc3 e5 6. Ndb5 d6 7. Bg5 a6 8.
Na3 b5 9. Bxf6 gxf6 10. Nd5 Bg7 11. Bd3 Ne7 12. Nxe7 Qxe7 13. O-O O-O 14. c4 f5
15. Qf3 bxc4 16. Nxc4 d5 17. exd5 e4 18. Qe3 Qf6 ({The usual move order is} 
18... Bb7 19. d6 Qf6 20. Bc2 f4 21. Qh3 {with the same position from the game
after move 21}) 19. Bc2 Bb7 20. d6 ({White could try to exploit opponent's
inaccurate move order with} 20. Rad1 Rad8 21. d6 f4 22. Qb6 Ba8 23. Rfe1 Qe6
24. Qxa6 $16 {1-0 Slizhevsky,A (2277)-Batsanin,D (2415)/Novokuznetsk 2001 (31)}
) 20... f4 21. Qh3 Qg5 22. Rad1 Rad8 23. d7 f3 (23... f5 24. Nd6 Ba8 25. Bb3+
Kh8 26. Nf7+ Rxf7 27. Bxf7 e3 28. Rfe1 Qf6 29. Bd5 $19 {1-0 Rewitz,P (2325)
-Kjeldsen,J (2410)/Arhus 1995 (33)}) 24. g3 $6 (24. Qg3 Qc5 25. Nd6 Rxd7 (25...
Ba8 26. Bxe4 $18) (25... fxg2 26. Qxg2) 26. Nxe4 Bxe4 (26... Qxc2 27. Nf6+ Kh8
28. Rxd7 Bc6 29. Rc7 $18) 27. Bxe4 fxg2 $14) 24... f5 {[%csl Rg1]} (24... Bc6
$5 25. Rfe1 f5 $44) 25. Nd6 Bc6 26. Bb3+ Kh8 27. Nf7+ Rxf7 28. Bxf7 e3 {
White's position became very dangerous. Each mistake is now fatal.} 29. Rfe1 $2
(29. Bd5 Bxd5 $1 (29... e2 $2 30. Bxc6 $18) 30. Rxd5 e2 31. Re1 Bxb2 {[%cal
Gb2c3]} 32. Rd3 Qc1 $1 33. Rxc1 Bxc1 $19) ({The only correct way was} 29. Rc1
$1 Bxd7 $1 (29... Bb7 30. Be6 e2 31. Rfe1 $16) (29... Bb5 30. fxe3 (30. Rc8 e2
31. Re1 Bxd7 32. Rxd8+ Qxd8 33. Bg6 h6 $19) 30... Qxe3+ 31. Kh1 Bxf1 32. Qxf1
f2 33. Bd5 $13) (29... e2 30. Rxc6 Rxd7 31. Rc8+ Rd8 32. Rxd8+ Qxd8 33. Bc4
exf1=Q+ 34. Bxf1 $14) 30. fxe3 Qxe3+ 31. Kh1 f4 $5 (31... Bb5 32. Bc4 $13) 32.
Qh4 Rf8 33. Bg6 (33. Bd5 Bb5 34. Bxf3 Bxf1 35. Rxf1 fxg3 36. Qxg3 Bxb2 $11)
33... h6 $44 {and Black has enough compensation to keep equal chances.}) (29.
Be6 $2 e2 30. Bxf5 h6 $19) (29. Rd6 Bb5 30. Re1 (30. Rfd1 e2 31. Re1 Rxd7 $19)
(30. fxe3 Qxe3+ 31. Kh1 Bxf1 32. Qxf1 Qe7 $19) 30... Rxd7 $19) (29. fxe3 Qxe3+
30. Rf2 Rxd7 $1 (30... Bd4 31. Rxd4 Qxd4 32. Be6 $13 (32. Bg6 $2 Qd1+ 33. Qf1 (
33. Rf1 f2+ 34. Kxf2 Qd4+ $19) 33... Qxf1+ 34. Rxf1 hxg6 $19)) 31. Rxd7 Bxd7
$19 {[%cal Gg7d4]}) 29... e2 {White loses now because of the back rank
problems.} (29... Rxd7 30. Rxd7 exf2+ 31. Kxf2 Bxd7 {[%cal Gg5d2]} 32. Rd1 Qe7
$19 {[%cal Ge7e2,Ge7f7]}) 30. Rd6 (30. Be6 exd1=Q 31. Rxd1 Be4 $19) 30... Rxd7
31. Bg6 (31. Rxd7 Bxd7 {[%cal Gg5d2]} 32. Qh4 Qxh4 33. gxh4 Bxb2 34. Bd5 Bc3
$19) 31... Qxg6 {the nice solution} (31... h6 $19) 32. Rxd7 (32. Rxg6 Rd1 33.
Rxd1 exd1=Q+ 34. Qf1 Qxf1+ 35. Kxf1 hxg6 $19) 32... Bxd7 33. Qh4 Be6 34. Qd8+
Bg8 35. Qd3 Qg4 36. a3 Bxb2 37. h3 Qe4 38. Qd2 Qe5 0-1

[Event "George Marx Memorial 3rd"]
[Site "Paks"]
[Date "2005.06.18"]
[Round "6"]
[White "Almasi, Zoltan"]
[Black "Sutovsky, Emil"]
[Result "1-0"]
[WhiteElo "2628"]
[BlackElo "2665"]
[Annotator "Rogozenco,D"]
[PlyCount "77"]
[EventDate "2005.06.12"]
[EventType "tourn"]
[EventRounds "10"]
[EventCountry "HUN"]
[EventCategory "15"]
[SourceTitle "CBM 108"]
[Source "ChessBase"]
[SourceDate "2005.09.26"]
[SourceVersion "1"]
[SourceVersionDate "2005.09.26"]
[SourceQuality "1"]

1. e4 c5 2. Nf3 Nc6 3. d4 cxd4 4. Nxd4 Nf6 5. Nc3 e5 6. Ndb5 d6 7. Bg5 a6 8.
Na3 b5 9. Bxf6 gxf6 10. Nd5 f5 11. Bd3 Be6 12. c3 Bg7 13. Nxb5 $5 axb5 ({
Already here Black can think of rejecting the piece sac and instead choose to
play actively with a pawn down:} 13... Bxd5 14. exd5 Ne7 15. Na3 O-O $44) 14.
Bxb5 Rc8 (14... Bd7 15. exf5 $13 {is the main variation}) 15. Qa4 O-O $5 {
Black prefers to sacrifice back the piece and take the central pawn e4 rather
than give up pawn f5. An interesting approach - usually in this variation
Black must suffer passively for his extra piece.} (15... Bd7 16. exf5 O-O 17.
O-O $14) 16. Bxc6 fxe4 17. O-O-O $5 {On the queenside the king will be well
protected. In spite of open a- and b-files Black will have serious
difficulties to create an attack due to White's better control on the d-file
and a powerful knight on b4 later on. Besides, it is not easy for Black to
open the long diagonal for his dark-squared bishop.} (17. O-O Kh8 (17... f5 $5
$44) 18. Nb4 Qg5 (18... f5) (18... d5 $5) 19. Bxe4 Rc4 20. Qc2 f5 21. f4 $2 ({
After} 21. Bd5 {it is not easy to prove compensation. Black can try an attack
with opposite coloured bishops:} Rxb4 22. Bxe6 Rh4 23. Bd5 e4 {but White's
a-pawn can advance very quick.}) 21... Qh6 22. Bd3 $2 (22. Bd5) 22... Rxf4 23.
Rxf4 Qxf4 24. Qf2 Qh6 25. a4 e4 26. Bc2 Be5 27. h3 Rg8 $40 {0-1 Mullon,J (2367)
-Coursaget,N (2358)/Saint Lo 2005(43)}) 17... Kh8 (17... f5 18. Kb1 (18. Nb4
Rf7 $5 19. Kb1 Qb6 20. Rxd6 (20. f3 Ra7 $1 $132) 20... Bc4 $44 {[%cal Gb6f2,
Yg7f8]} 21. Rhd1 (21. f3 Bf8 $1) 21... Qxf2 $132) (18. f3 $5) 18... Rf7 $140 (
18... f4 19. f3) 19. f3 $36) ({Interesting looks the attempt to keep the king
on c1 for a while:} 17... Bf5 $5 18. Ne3 (18. Rhe1 Bg6 19. Ne3 f5 $132) 18...
Bh6 19. Kb1 (19. Bxe4 Qh4 20. g4 Qxf2 $132) 19... Bxe3 20. fxe3 Qb6 21. Bxe4 (
21. Rxd6 Rb8 22. b3 Qxe3 $13) 21... Rb8 22. b3 $8 Ra8 23. Qc4 Rfc8 24. Qd3 Bxe4
25. Qxe4 Qa5 26. Rd2 Rxc3 $13) 18. Kb1 f5 (18... Qg5 19. Ne3 f5 20. Rxd6 $16)
19. Nb4 (19. Rhe1 Qh4 $5) 19... Qb6 20. f3 (20. Rxd6 Bc4 21. f3 e3 $44) (20.
Rhf1 $2 Bc4) 20... e3 ({More chances to compilcate matters would have offered} 
20... exf3 21. gxf3 Rfd8 {with the idea ...Rc7-a7.}) 21. Bd5 Bxd5 ({The fight
for square d5 is also not sufficient:} 21... e2 22. Rde1 (22. Bxe6 $5 exd1=Q+
23. Rxd1 $44 {with good compensation}) 22... Bxd5 23. Nxd5 Qc5 24. Qb3 ({After
} 24. Nb4 d5 25. Rxe2 e4 {Black at least opens the long diagonal, although two
extra pawns guarantee White an advantage.}) 24... Rb8 25. Nb4 Rb5 26. Rxe2 d5
27. Rd1 d4 28. cxd4 exd4 29. a3 $16) 22. Nxd5 Qb7 23. Qb3 Qa6 (23... Qxb3 24.
axb3 f4 25. Kc2 $16) 24. Qb6 Qa4 25. Qb3 Qa6 26. Qb6 Qa4 27. b3 Qa3 28. Qxe3
$16 e4 (28... Rb8 29. Qc1 Qc5 30. Rhe1 $16) 29. fxe4 Rb8 30. Qc1 Qc5 31. Rhe1
Rfe8 32. Qe3 Qc4 33. Qe2 Qc5 (33... Rxb3+ 34. axb3 Qxb3+ 35. Qb2 $18) 34. Qd3
Re5 35. Ne3 Rxe4 36. Nxf5 Ra4 37. Nxg7 Rxa2 38. Kxa2 Ra8+ 39. Kb1 (39. Kb1 Qa3
40. Qd5 $18 (40. Qc4 $18)) 1-0

[Event "Maribor Pirc Memorial"]
[Site "Maribor"]
[Date "1996.??.??"]
[Round "?"]
[White "Simic, Dragan"]
[Black "Podlesnik, Bogdan"]
[Result "1/2-1/2"]
[WhiteElo "2330"]
[BlackElo "2410"]
[Annotator "Rogozenco,D"]
[PlyCount "58"]
[EventDate "1996.05.??"]
[EventType "tourn"]
[EventRounds "11"]
[EventCountry "SLO"]
[EventCategory "10"]
[SourceTitle "CBM 055"]
[Source "ChessBase"]
[SourceDate "1996.12.01"]
[SourceVersion "1"]
[SourceVersionDate "1996.12.01"]
[SourceQuality "1"]

1. e4 c5 2. Nf3 Nc6 3. Nc3 e6 4. d4 cxd4 5. Nxd4 Nf6 6. Ndb5 d6 7. Bf4 e5 8.
Bg5 a6 9. Na3 b5 10. Nd5 Be7 11. Bxf6 Bxf6 12. c3 Bg5 13. Nc2 Rb8 {This
interesting move order allows Black to avoid unpleasant lines with h2-h4,which
are possible after Black's castle.} 14. Be2 {The only way to fight for
advatage here is 14.a4 ba4 15.Ncb4!.} O-O 15. O-O Be6 {More usual is 15. ...
a5.In this game Black tries to avoid pushing a-pawn. It's an interesting
approach,because comparing with usual positions,Black doesn't have the weak
pawn on b5.} 16. Nce3 (16. Qd3 $5 {/\17.Rad1}) (16. Ncb4 Nxb4 17. Nxb4 Qb6 18.
a4 (18. Nd5 Qb7) 18... a5 19. Nd5 Bxd5 20. Qxd5 b4 $13) (16. a4 bxa4 17. Ncb4
Nxb4 18. Nxb4 Bb3) 16... Bxe3 17. Nxe3 Ne7 {The most important thing in such
positions is to controle d5-square.} 18. Bg4 Qd7 19. h3 g6 20. Bxe6 fxe6 $5 (
20... Qxe6 21. Qd3 f5 22. Rfd1 Rb6 23. a4 $14) 21. Qd3 Qc6 22. Rfd1 Rfd8 23.
Rd2 Kg7 24. Rad1 Ng8 25. f3 Rb7 26. Kh2 Rbd7 27. c4 Nf6 28. Qb3 Kf7 29. Rc2 Rb8
$14 1/2-1/2

[Event "ESP-chT"]
[Site "Sanxenxo"]
[Date "2004.11.20"]
[Round "3"]
[White "Graf, Alexander"]
[Black "Illescas Cordoba, Miguel"]
[Result "0-1"]
[WhiteElo "2646"]
[BlackElo "2626"]
[Annotator "Rogozenco,D"]
[PlyCount "188"]
[EventDate "2004.11.18"]
[EventType "team"]
[EventRounds "9"]
[EventCountry "ESP"]
[SourceTitle "CBM 105"]
[Source "ChessBase"]
[SourceDate "2005.04.11"]
[SourceVersion "1"]
[SourceVersionDate "2005.04.11"]
[SourceQuality "1"]

1. e4 c5 2. Nf3 Nc6 3. d4 cxd4 4. Nxd4 Nf6 5. Nc3 e5 6. Ndb5 d6 7. Bg5 a6 8.
Na3 b5 9. Bxf6 {Other versions of the knight move to b1 are:} (9. Nab1 Be7 10.
Bxf6 Bxf6 11. a4 b4 12. Nd5 O-O $11) (9. Nd5 Be7 10. Bxf6 Bxf6 11. Nb1 Rb8 $5
$11) 9... gxf6 10. Nab1 {The fifth move with the knight brings it to another
initial square...} f5 (10... Bg7 11. g3 (11. Qh5 f5 12. Nd2 Ne7 13. O-O-O $11
Qb6 $2 14. Bc4 (14. Qg5 $1 Bf8 (14... Rg8 $2 15. Qxe7+ $18) 15. Qf6 Rg8 16. Bc4
$1 Rg7 $16) 14... O-O 15. Nd5 Qd8 16. Nxe7+ Qxe7 17. Bd5 Ra7 $1 18. Kb1 {
1/2-1/2 Luther,T-Rogozenko,D/Germany 2002} (18. exf5 e4 $1 $132)) 11... O-O 12.
Bg2 Ne7 13. Nd5 Nxd5 14. Qxd5 Be6 15. Qd2 Rc8 $11 {1-0 Anand,V-Van Wely,L/
Mallorca 2004 (55)}) 11. g3 (11. a4 b4 12. Nd5 Bg7 13. Nd2 O-O 14. Bc4 Kh8 15.
Qh5 (15. O-O fxe4 16. Nxe4 f5 $15) 15... Nd4 16. O-O-O fxe4 17. Nxe4 Bf5 18.
Rde1 Bg6 19. Qd1 Rc8 20. b3 f5 21. Nd2 Bf7 $19 {0-1 Motylev,A-Grebionkin,V/
Internet 2004/ (49)}) (11. Nd2 Bg7 12. g3 Bb7 13. Bg2 Nd4 14. O-O O-O 15. Nb3
Re8 16. Nd5 Bxd5 17. exd5 Nxb3 18. axb3 e4 $15 {1/2-1/2 Gufeld,E-Sveshnikov,E/
Moscow 1973 (42)}) 11... Bg7 (11... Nd4 $5) 12. Bg2 Ne7 (12... Nd4 13. Ne2 Nxe2
14. Qxe2 fxe4 15. Nc3 f5 16. Qh5+ Kf8 17. g4 b4 18. Nd5 Be6 19. Rd1 Qa5 20. Ne3
b3+ 21. c3 f4 22. Bxe4 fxe3 23. Bxa8 Ke7 $44 24. Qh4+ Bf6 25. g5 Bg7 26. Bf3
Rf8 27. g6+ Kd7 28. Qxh7 Rxf3 29. Qxg7+ Kc6 30. Qe7 Bd5 31. axb3 (31. Qe8+ Kc7
32. axb3 exf2+ 33. Kf1 Bxb3 34. g7 (34. Qe7+ Kc8 35. Qxd6 Qb5+ 36. Kg2 Bxd1 37.
Qe6+ Kb7 38. Qe7+ $11) 34... Bc4+ 35. Kg2 Bd5 36. Rxd5 Qxd5 37. Qe7+ Kc6 38.
Qe8+ Kc7 39. Qe7+ $11) 31... exf2+ 32. Ke2 Qb6 33. Qe8+ Kc7 34. Rxd5 $4 (34.
Kf1 Bxb3 $11) 34... Qe3+ 35. Kd1 f1=Q+ 36. Rxf1 Rxf1+ 37. Kc2 Rc1# {0-1
Yemelin,V-Yagupov,I/Tula 1999/EXT 2000 (38)}) 13. O-O (13. exf5 Bxf5 $1 14. O-O
(14. Bxa8 Qxa8 $44) 14... Rc8 $15) 13... O-O 14. Qh5 $6 {Difficult to give a
good advice after such an opening play, but this active move loses control in
the center and is completely unjustified.} (14. exf5 Bxf5 $5 ({Black is
certainly doing great also after} 14... Rb8) 15. Bxa8 Qxa8 $44) 14... b4 15.
Nd1 (15. Nd5 Nxd5 16. exd5 e4 17. c3 Rb8 $17) 15... Rb8 $1 16. a3 (16. Nd2 fxe4
17. Nxe4 d5 $17) 16... fxe4 17. Bxe4 f5 18. Bg2 b3 $1 19. c3 d5 20. Nd2 e4 21.
Ne3 Be6 {Due to Black's pawn on b3 White cannot arrange well his knights 
(square c2 is not available).} 22. Rfd1 Qb6 23. Ndf1 {I'll remind that this is
the same knight that started out from g1 and was on b5 and b1.} Kh8 24. Rd2
Rbd8 25. Rad1 Bf7 26. Qg5 Qe6 27. Bh3 h6 28. Qh4 Ng6 29. Qh5 Nf4 30. Qh4 Ng6
31. Qh5 Ne5 32. Qxf5 Qe8 $1 $19 33. Qf4 Be6 (33... Bh5 34. Bf5 Nf3+ 35. Kh1
Nxd2 36. Rxd2 Bf3+ 37. Kg1 Qc6 38. Qh4 d4 {is an easier win}) 34. Bf5 Nf3+ 35.
Kg2 Qh5 36. g4 Qh4 37. Rxd5 Bxd5 38. Rxd5 Rxd5 39. Nxd5 Ne1+ 40. Kg1 Nf3+ 41.
Kg2 Ne1+ 42. Kg1 Qh3 43. Nde3 (43. Qxe4 Nf3+ $19) 43... Nf3+ 44. Kh1 Qh4 45.
Kg2 Ne1+ 46. Kg1 Nd3 47. Ng2 Nxf4 48. Nxh4 Bf6 49. Ng6+ Nxg6 50. Bxg6 Rg8 51.
Bf5 (51. Bf7 Rxg4+ 52. Ng3 Bxc3 53. bxc3 b2 54. Ba2 e3 55. fxe3 Ra4 $19) 51...
Bxc3 52. Be6 Rg6 53. Bxb3 Rxg4+ 54. Ng3 Bxb2 55. a4 Bd4 56. Be6 Rf4 57. Nh1 {
[%csl Gg1,Rh1][%cal Gg1f3,Gf3d4,Gd4b5,Gb5a3,Ga3b1,Gb1d2,Gd2f1,Gf1g3,Gg3h1] Any
comments are unnecessary. The poor piece should have rather be traded off on
c6 on move 5 or 6 rather than ending up like this. It is amazing that this
knight will be the only piece remaining at the moment when White finally will
resign - a clear sign that Black successfully implemented a clever strategy to
trade everything except this knight.} e3 {White could have saved some time by
resigning here.} 58. Bc4 (58. fxe3 Bxe3+ 59. Kg2 Rxa4 $19) 58... exf2+ 59. Kg2
a5 60. Ng3 Ba7 61. Bb5 Rb4 62. Bc6 Rb1 63. Nf1 Kg7 64. Be4 Ra1 65. Bc6 Kf6 66.
Bb5 Kg5 67. Kf3 Ra3+ 68. Kg2 Kf4 69. Nd2 Ra1 70. Nf1 Bb6 71. Be8 h5 72. Bb5 h4
73. Kh3 Kg5 74. Kg2 Ra3 75. h3 Kf4 76. Bd7 Ba7 77. Be8 Rc3 78. Bf7 Rc7 79. Be6
Ke5 80. Bg4 Rc1 81. Be2 Rc2 82. Kf3 Ra2 83. Bb5 Kd4 84. Kg4 Rb2 85. Bc6 Kd3 86.
Kf3 Kc2 87. Ke2 Kb3+ 88. Kd3 Kb4 89. Bb5 Rb3+ 90. Ke2 Rxh3 91. Bd7 Ra3 92. Bb5
Rxa4 93. Bxa4 Kxa4 94. Kd3 Kb4 0-1